US subprime market : evolution, growth and crisis (Record no. 185252)

MARC details
000 -LEADER
fixed length control field 00513nam a2200169Ia 4500
005 - DATE AND TIME OF LATEST TRANSACTION
control field 20250130163637.0
008 - FIXED-LENGTH DATA ELEMENTS--GENERAL INFORMATION
fixed length control field 231217s9999 xx 000 0 und d
020 ## - INTERNATIONAL STANDARD BOOK NUMBER
International Standard Book Number 9788131414682
082 ## - DEWEY DECIMAL CLASSIFICATION NUMBER
Classification number 381.10973 RAO;1 R
100 ## - MAIN ENTRY--PERSONAL NAME
Personal name Rao, Janardhan N ed. Sirodiya, Amit, Singh.
245 #0 - TITLE STATEMENT
Title US subprime market : evolution, growth and crisis
250 ## - EDITION STATEMENT
Edition statement 1st ed.
260 ## - PUBLICATION, DISTRIBUTION, ETC. (IMPRINT)
Date of publication, distribution, etc. 2008
Name of publisher, distributor, etc. Icfai University press
Place of publication, distribution, etc. Hyderabad
300 ## - PHYSICAL DESCRIPTION
Extent xiii, 209
650 ## - SUBJECT ADDED ENTRY--TOPICAL TERM
Topical term or geographic name as entry element subprime,market,evolution,,growth,crisis
942 ## - ADDED ENTRY ELEMENTS (KOHA)
Koha item type Books
Holdings
Date last seen Total Checkouts Full call number Accession number Old discount Uniform Resource Identifier Cost, replacement price Price effective from Category Lost status Damaged status Department Withdrawn status bill no. bill date Permanent Location Current Location Shelving location Entry date Vendor Cost, normal purchase price Grants Currency symbol Conversion rate Discount Discount type Public note
26/01/2024   381.10973 RAO;1 R 58800 20 digital/contents/58800.pdf 380.00 26/01/2024 Books     Central Library   218/Icfai/09-10/BLR 07/05/2014 Central Library Central Library Central Library 19/03/2010 IUCP 475.00 MBA RS 1 95 Rupees  
26/01/2024   381.10973 RAO;2 R1 72955     38.00 26/01/2024 Books     F-Block Annex   1993 03/12/2015 Central Library Central Library F-Block Library Annex   ICFAI Press 38.00 MBA RS 1   Rupees 72955
26/01/2024   381.10973 RAO;3 R1 72956     38.00 26/01/2024 Books     F-Block Annex   1993 03/12/2015 Central Library Central Library F-Block Library Annex   ICFAI Press 38.00 MBA RS 1   Rupees 72956

© For any Suggestions or Query, please contact the library staff @ librarian@pes.edu or Phone: +9180 2672 1983/ 2108.